[Event "HUN-chT 0910"]
[Site "Hungary"]
[Date "2009.12.20"]
[Round "4"]
[White "Szonyi, Kata"]
[Black "Vajda, Szidonia"]
[Result "0-1"]
[WhiteElo "2093"]
[BlackElo "2375"]
[PlyCount "87"]
[EventDate "2009.11.08"]
[EventType "team-tourn"]
[EventRounds "11"]
[EventCountry "HUN"]
[SourceTitle "EXT 2011"]
[Source "ChessBase"]
[SourceDate "2010.11.26"]
[SourceVersion "1"]
[SourceVersionDate "2010.11.26"]
[SourceQuality "1"]
[WhiteTeam "Honved"]
[BlackTeam "Paks"]
[WhiteTeamCountry "HUN"]
[BlackTeamCountry "HUN"]

1. d4 d5 2. e4 dxe4 3. Nc3 e6 4. Nxe4 Nd7 5. Nf3 Ngf6 6. Bg5 Be7 7. Bxf6 Nxf6 8. Nxf6+ Bxf6 9. Bd3 c5 10. Bb5+ Bd7 11. Bxd7+ Qxd7 12. c3 cxd4 13. Nxd4 Bxd4 14. Qxd4 Qxd4 15. cxd4 0-0-0 16. Rc1+ Kb8 17. Rc4 Rd5 18. Ke2 Rhd8 19. Ke3 e5 20. dxe5 Rxe5+ 21. Kf3 Rd3+ 22. Kg4 h5+ 23. Kf4 Re2 24. Rhc1 Rxf2+ 25. Ke4 Rd8 26. R1c2 Rf1 27. a4 a5 28. Rc5 f5+ 29. Ke3 Re8+ 30. Kd3 b6 31. Rc6 Rd1+ 32. Kc4 Kb7 33. Rg6 Re4+ 34. Kb3 Rb4+ 35. Kc3 Rd7 36. b3 Rg4 37. Rxg4 hxg4 38. Rf2 g6 39. g3 Kc6 40. Kc4 Re7 41. Rd2 Re4+ 42. Kd3 Kd5 43. Kc3+ Kc5 44. Rd3 0-1

[Event "Szeged Cup (Women) 3rd"]
[Site "Szeged"]
[Date "2006.09.16"]
[Round "8"]
[White "Szonyi, Kata"]
[Black "Albert, Kornelia"]
[Result "0-1"]
[WhiteElo "2100"]
[BlackElo "2120"]
[PlyCount "74"]
[EventDate "2006.09.10"]
[EventType "swiss"]
[EventRounds "9"]
[EventCountry "HUN"]
[SourceTitle "CBM 114 Extra"]
[Source "ChessBase"]
[SourceDate "2006.11.03"]
[SourceVersion "1"]
[SourceVersionDate "2006.11.03"]
[SourceQuality "1"]

1. e4 c5 2. Nf3 Nc6 3. d4 cxd4 4. Nxd4 Qc7 5. c4 Nf6 6. f3 e6 7. Nb5 Qb8 8. Be3 a6 9. N5c3 d6 10. Na4 Nd7 11. Nbc3 b6 12. Be2 Be7 13. 0-0 0-0 14. f4 Nc5 15. f5 Ne5 16. b4 Nxa4 17. Nxa4 Bd8 18. c5 dxc5 19. bxc5 b5 20. Nb6 Bxb6 21. cxb6 Nc4 22. Bxc4 bxc4 23. f6 g6 24. Bc5 Re8 25. Qd4 Bb7 26. Bd6 Qd8 27. Rad1 Kh8 28. Qe3 Qc8 29. Bc7 e5 30. Qh6 Rg8 31. Qh4 Qe8 32. Rf3 g5 33. Qg4 Qc6 34. Rc3 Qc5+ 35. Kf1 Rae8 36. Qd7 Bxe4 37. Qxf7 Ref8 0-1

[Event "Szeged Cup (Women) 3rd"]
[Site "Szeged"]
[Date "2006.09.13"]
[Round "5"]
[White "Medvegy, Judit"]
[Black "Szonyi, Kata"]
[Result "1/2-1/2"]
[WhiteElo "2032"]
[BlackElo "2100"]
[PlyCount "114"]
[EventDate "2006.09.10"]
[EventType "swiss"]
[EventRounds "9"]
[EventCountry "HUN"]
[SourceTitle "CBM 114 Extra"]
[Source "ChessBase"]
[SourceDate "2006.11.03"]
[SourceVersion "1"]
[SourceVersionDate "2006.11.03"]
[SourceQuality "1"]

1. e4 d5 2. exd5 Nf6 3. d4 Nxd5 4. c4 Nb6 5. Nf3 g6 6. h3 Bg7 7. Nc3 0-0 8. Be3 Nc6 9. Qd2 e5 10. d5 Ne7 11. g4 f5 12. Bh6 Re8 13. Bxg7 Kxg7 14. 0-0-0 Nd7 15. Re1 h6 16. Nxe5 Nxe5 17. Rxe5 Ng8 18. Rxe8 Qxe8 19. Bd3 fxg4 20. hxg4 Bxg4 21. Qf4 Qd7 22. Rg1 Bh5 23. Qe5+ Kf7 24. Nb5 Rc8 25. Qf4+ Nf6 26. Qxh6 Rg8 27. Qf4 a6 28. Nxc7 Rc8 29. Ne6 Qxd5 30. Ng5+ Kg7 31. Qe3 Qd6 32. Kb1 Re8 33. Qg3 Qb4 34. a3 Re1+ 35. Rxe1 Qxe1+ 36. Ka2 Qe7 37. Nh3 Qd7 38. Nf4 Qf7 39. Qg5 Kf8 40. Nxg6+ Bxg6 41. Qxg6 Qe7 42. f4 Qd6 43. Qh6+ Ke7 44. Bb1 b5 45. cxb5 axb5 46. Qg7+ Kd8 47. Qg5 Qe6+ 48. Ka1 Qc6 49. Qe5 Nd7 50. Qd4 Ke7 51. f5 Nc5 52. Qc3 Qd5 53. f6+ Kf8 54. Qb4 Qd4 55. Qxd4 Nb3+ 56. Ka2 Nc1+ 57. Ka1 Nb3+ 1/2-1/2

[Event "Szeged Cup (Women) 3rd"]
[Site "Szeged"]
[Date "2006.09.12"]
[Round "4"]
[White "Foisor, Cristina Adela B"]
[Black "Szonyi, Kata"]
[Result "1-0"]
[WhiteElo "2393"]
[BlackElo "2100"]
[PlyCount "83"]
[EventDate "2006.09.10"]
[EventType "swiss"]
[EventRounds "9"]
[EventCountry "HUN"]
[SourceTitle "CBM 114 Extra"]
[Source "ChessBase"]
[SourceDate "2006.11.03"]
[SourceVersion "1"]
[SourceVersionDate "2006.11.03"]
[SourceQuality "1"]

1. c4 b6 2. d4 Bb7 3. Nc3 Nf6 4. f3 e6 5. e4 d6 6. Bd3 c5 7. d5 exd5 8. cxd5 Nbd7 9. Nh3 a6 10. a4 Rc8 11. Nf2 Be7 12. 0-0 0-0 13. Qe2 Ra8 14. f4 Qc7 15. g4 h6 16. h4 g5 17. fxg5 hxg5 18. Bxg5 Ne5 19. Ncd1 Nh7 20. Bh6 Bxh4 21. Bxf8 Kxf8 22. Nh3 Bc8 23. Ne3 Nf6 24. Ng2 Bxg4 25. Qe3 Bxh3 26. Qxh3 Bg5 27. Rf5 Nxd3 28. Qxd3 Nh7 29. Raf1 f6 30. Qh3 Qg7 31. R5f3 Re8 32. Qg4 Qe7 33. Nf4 Bxf4 34. Rxf4 Qg7 35. R1f3 b5 36. a5 b4 37. Kf2 Qxg4 38. Rxg4 Kf7 39. Ke3 Re5 40. Rh3 Ng5 41. Rh8 Re8 42. Rgh4 1-0

[Event "Szeged Cup (Women) 3rd"]
[Site "Szeged"]
[Date "2006.09.10"]
[Round "2"]
[White "Tanacs, Anna"]
[Black "Szonyi, Kata"]
[Result "1/2-1/2"]
[WhiteElo "1890"]
[BlackElo "2100"]
[PlyCount "62"]
[EventDate "2006.09.10"]
[EventType "swiss"]
[EventRounds "9"]
[EventCountry "HUN"]
[SourceTitle "CBM 114 Extra"]
[Source "ChessBase"]
[SourceDate "2006.11.03"]
[SourceVersion "1"]
[SourceVersionDate "2006.11.03"]
[SourceQuality "1"]

1. Nf3 Nf6 2. g3 g6 3. Bg2 Bg7 4. 0-0 d6 5. d4 c6 6. c4 0-0 7. Nc3 Bg4 8. e4 Nbd7 9. Be3 e5 10. h3 Bxf3 11. Bxf3 h6 12. Bg2 Kh7 13. Kh2 Qc7 14. Rc1 Ng8 15. f4 Ne7 16. f5 Ng8 17. d5 c5 18. Nb5 Qb6 19. Qd2 a6 20. Nc3 Qc7 21. g4 g5 22. Qf2 Bf6 23. a4 Bd8 24. Qe2 f6 25. Rh1 Ne7 26. h4 Kg7 27. h5 Nc8 28. Ra1 Na7 29. Rhb1 a5 30. Nb5 Nxb5 31. cxb5 b6 1/2-1/2

[Event "HUN-chT 0203"]
[Site "Hungary"]
[Date "2003.02.02"]
[Round "6.12"]
[White "Banusz, Tamas"]
[Black "Szonyi, Kata"]
[Result "1-0"]
[WhiteElo "2249"]
[BlackElo "2105"]
[PlyCount "173"]
[EventDate "2002.09.22"]
[EventType "team-tourn"]
[EventRounds "11"]
[EventCountry "HUN"]
[SourceTitle "EXT 2004"]
[Source "ChessBase"]
[SourceDate "2003.11.25"]
[SourceVersion "1"]
[SourceVersionDate "2003.11.25"]
[SourceQuality "1"]
[WhiteTeam "Nagykanizsa"]
[BlackTeam "Honved Spectrum"]
[WhiteTeamCountry "HUN"]
[BlackTeamCountry "HUN"]

1. d4 d6 2. Nf3 g6 3. c4 Bg7 4. g3 e5 5. Nc3 exd4 6. Nxd4 Nc6 7. Nxc6 bxc6 8. Bg2 Ne7 9. Bg5 f6 10. Bd2 0-0 11. 0-0 Be6 12. b3 Qd7 13. Re1 Rab8 14. Rc1 Bh3 15. Bh1 h5 16. Qc2 h4 17. Red1 hxg3 18. hxg3 Kf7 19. Ne4 Rh8 20. Bc3 Bf1 21. Bf3 Bh3 22. Nc5 Qc8 23. Nd3 Qf5 24. Nf4 Qxc2 25. Rxc2 Bd7 26. e3 g5 27. Ne2 c5 28. Ba5 Rbc8 29. Bb7 Bc6 30. Bxc6 Nxc6 31. Bc3 f5 32. Bxg7 Kxg7 33. f4 Rce8 34. Rc3 g4 35. Kf2 Re6 36. Ke1 Nb8 37. Kd2 Nd7 38. Rcc1 Rh2 39. Rh1 Reh6 40. Rxh2 Rxh2 41. e4 fxe4 42. Ke3 Nf6 43. Nc3 Rg2 44. Nxe4 Nxe4 45. Kxe4 Rxg3 46. Kf5 Rg2 47. Re1 Kf7 48. Rh1 g3 49. Rh7+ Kf8 50. Kf6 Ke8 51. Rxc7 Rf2 52. f5 g2 53. Rg7 Kf8 54. Rg3 Rxa2 55. Ke6 Rd2 56. f6 a5 57. f7 Re2+ 58. Kxd6 Kxf7 59. Kxc5 Rb2 60. Kd6 Rxb3 61. Rxg2 Rd3+ 62. Kc6 Ke7 63. c5 a4 64. Rg7+ Kd8 65. Rg8+ Ke7 66. Ra8 a3 67. Kb6 Rb3+ 68. Kc7 Rc3 69. c6 Rb3 70. Ra6 Rc3 71. Kb8 Rb3+ 72. Kc8 Rc3 73. c7 Rb3 74. Ra4 Rc3 75. Ra6 Rb3 76. Ra7 Rc3 77. Ra4 Rb3 78. Re4+ Kd6 79. Kd8 a2 80. c8Q a1Q 81. Qe6+ Kc5 82. Rc4+ Kb5 83. Qc6+ Ka5 84. Rc5+ Kb4 85. Qb6+ Ka3 86. Ra5+ Kb2 87. Qf2+ 1-0

[Event "HUN-chT 0102"]
[Site "Hungary"]
[Date "2002.04.07"]
[Round "10"]
[White "Szonyi, Kata"]
[Black "Berczes, Csaba"]
[Result "0-1"]
[WhiteElo "2118"]
[BlackElo "2316"]
[PlyCount "58"]
[EventDate "2001.??.??"]
[EventType "team-tourn"]
[EventRounds "11"]
[EventCountry "HUN"]
[SourceTitle "EXT 2004"]
[Source "ChessBase"]
[SourceDate "2003.11.25"]
[SourceVersion "1"]
[SourceVersionDate "2003.11.25"]
[SourceQuality "1"]

1. e4 c5 2. Nf3 Nc6 3. d4 cxd4 4. Nxd4 Qc7 5. Nc3 e6 6. Ndb5 Qb8 7. f4 a6 8. Nd4 d6 9. Be3 Nf6 10. a4 Be7 11. Bc4 Bd7 12. 0-0 0-0 13. f5 Ne5 14. Bb3 Neg4 15. Bf2 d5 16. Bg3 Qa7 17. e5 Bc5 18. Nce2 Ne3 19. Qd3 Nxf1 20. Rxf1 Ne4 21. f6 b5 22. fxg7 Rfc8 23. c3 bxa4 24. Bd1 Bb5 25. Qe3 a3 26. Bf2 axb2 27. Bc2 Bxd4 28. Nxd4 Bxf1 29. Kxf1 Rxc3 0-1

[Event "HUN-chT 0102"]
[Site "Hungary"]
[Date "2001.10.14"]
[Round "2"]
[White "Szonyi, Kata"]
[Black "Farsang, Peter"]
[Result "1/2-1/2"]
[WhiteElo "2118"]
[BlackElo "2133"]
[PlyCount "47"]
[EventDate "2001.??.??"]
[EventType "team-tourn"]
[EventRounds "11"]
[EventCountry "HUN"]
[SourceTitle "EXT 2004"]
[Source "ChessBase"]
[SourceDate "2003.11.25"]
[SourceVersion "1"]
[SourceVersionDate "2003.11.25"]
[SourceQuality "1"]

1. e4 c5 2. Nf3 d6 3. d4 cxd4 4. Nxd4 Nf6 5. f3 a6 6. c4 e5 7. Nc2 Be6 8. Nc3 Nbd7 9. Ne3 Rc8 10. Be2 Be7 11. 0-0 Nh5 12. Ned5 Nb6 13. Qb3 Bxd5 14. Nxd5 Nxd5 15. exd5 Qd7 16. f4 Nxf4 17. Bxf4 exf4 18. Rxf4 Rc7 19. Bg4 Qd8 20. Qa4+ Kf8 21. Raf1 Bg5 22. R4f3 h5 23. Bh3 Rh6 24. Qc2 1/2-1/2

[Event "Dortmund op-A"]
[Site "Dortmund"]
[Date "2001.??.??"]
[Round "1"]
[White "Szonyi, Kata"]
[Black "Belikov, Vladimir"]
[Result "0-1"]
[WhiteElo "2118"]
[BlackElo "2502"]
[PlyCount "60"]
[EventDate "2001.07.12"]
[EventType "swiss"]
[EventRounds "11"]
[EventCountry "GER"]
[SourceTitle "EXT 2002"]
[Source "ChessBase"]
[SourceDate "2001.11.25"]
[SourceVersion "1"]
[SourceVersionDate "2001.11.25"]
[SourceQuality "1"]

1. e4 c5 2. Nf3 Nc6 3. d4 cxd4 4. Nxd4 Nf6 5. Nc3 d6 6. Bg5 Qb6 7. Nb3 e6 8. Qe2 a6 9. 0-0-0 Be7 10. h4 Qc7 11. g4 b5 12. Be3 Nd7 13. f4 Nb6 14. Qf2 Rb8 15. Nd4 Nxd4 16. Bxd4 b4 17. Nb1 e5 18. Bxb6 Rxb6 19. f5 Bb7 20. Qe3 0-0 21. g5 Rc8 22. Rh2 d5 23. exd5 e4 24. Re2 Re8 25. Bg2 Bc5 26. Qb3 e3 27. g6 hxg6 28. d6 Rxd6 29. Rxd6 Bxd6 30. Bxb7 Qxb7 0-1

[Event "Dortmund op-A"]
[Site "Dortmund"]
[Date "2001.??.??"]
[Round "7"]
[White "Szonyi, Kata"]
[Black "Krause, Thomas"]
[Result "1-0"]
[WhiteElo "2118"]
[BlackElo "2184"]
[PlyCount "103"]
[EventDate "2001.07.12"]
[EventType "swiss"]
[EventRounds "11"]
[EventCountry "GER"]
[SourceTitle "EXT 2002"]
[Source "ChessBase"]
[SourceDate "2001.11.25"]
[SourceVersion "1"]
[SourceVersionDate "2001.11.25"]
[SourceQuality "1"]

1. e4 c5 2. Nf3 Nc6 3. d4 cxd4 4. Nxd4 g6 5. c4 Bg7 6. Be3 Nf6 7. Nc3 0-0 8. Be2 d6 9. f3 Bd7 10. Qd2 Rc8 11. 0-0 a5 12. Rac1 Nxd4 13. Bxd4 Ne8 14. Nd5 Bxd4+ 15. Qxd4 Rc5 16. a3 e6 17. b4 Rc6 18. Nc3 e5 19. Qe3 Nc7 20. b5 Rc5 21. Na4 Ne6 22. Nxc5 dxc5 23. g3 Qe7 24. f4 Nd4 25. Bd3 Re8 26. fxe5 Qxe5 27. Qf4 Re7 28. Qxe5 Rxe5 29. Rf2 Bh3 30. Bf1 Bg4 31. h3 Be6 32. Bg2 b6 33. a4 Kg7 34. g4 Nb3 35. Rc3 Nd4 36. Rd2 Kh6 37. Kf2 g5 38. Rd1 Kg6 39. Bf3 h6 40. Rh1 Bc8 41. h4 gxh4 42. Rxh4 Bb7 43. Re3 Nc2 44. Rh5 Re7 45. Rc3 Nd4 46. Bg2 Re6 47. Rch3 Kg7 48. g5 hxg5 49. Rxg5+ Kf6 50. Rg4 Ke7 51. Rf4 Ke8 52. Rh8+ 1-0

[Event "Budapest WFG op"]
[Site "Budapest"]
[Date "2000.??.??"]
[Round "?"]
[White "Szonyi, Kata"]
[Black "Vajda, Levente"]
[Result "0-1"]
[WhiteElo "2120"]
[BlackElo "2445"]
[PlyCount "70"]
[EventDate "2000.??.??"]
[EventType "swiss"]
[EventRounds "9"]
[EventCountry "HUN"]
[SourceTitle "EXT 2004"]
[Source "ChessBase"]
[SourceDate "2003.11.25"]
[SourceVersion "1"]
[SourceVersionDate "2003.11.25"]
[SourceQuality "1"]

1. e4 e5 2. Nf3 Nc6 3. Bc4 Nf6 4. d4 exd4 5. e5 d5 6. Bb5 Ne4 7. Nxd4 Bc5 8. Be3 Bd7 9. Bxc6 bxc6 10. f3 Qh4+ 11. g3 Nxg3 12. Bf2 Qh3 13. Bxg3 Qg2 14. Rf1 Bh3 15. Nd2 Bxd4 16. c3 Be3 17. Qe2 Bxd2+ 18. Kxd2 Qxe2+ 19. Kxe2 Bxf1+ 20. Rxf1 c5 21. b3 Kd7 22. Rd1 Kc6 23. Kd3 h5 24. Bh4 f6 25. f4 g5 26. fxg5 fxe5 27. g6 Rhf8 28. g7 Rf3+ 29. Ke2 Rf4 30. Be7 Rg8 31. Bf8 d4 32. Rg1 Rg4 33. Rf1 R4xg7 34. Bxg7 Rxg7 35. Rf2 Kd5 0-1

[Event "Porto San Giorgio op 11th"]
[Site "Porto San Giorgio"]
[Date "1999.08.25"]
[Round "6"]
[White "Piantoni, Roberto"]
[Black "Szonyi, Kata"]
[Result "1-0"]
[WhiteElo "2184"]
[BlackElo "2101"]
[PlyCount "45"]
[EventDate "1999.08.20"]
[EventType "swiss"]
[EventRounds "9"]
[EventCountry "ITA"]
[SourceTitle "EXT 2000"]
[Source "ChessBase"]
[SourceDate "1999.11.16"]
[SourceVersion "1"]
[SourceVersionDate "1999.11.16"]
[SourceQuality "1"]

1. d4 d5 2. Nf3 Nf6 3. e3 e6 4. Nbd2 a6 5. Bd3 c5 6. c3 Nc6 7. 0-0 cxd4 8. exd4 Bd6 9. Re1 Nd7 10. Nf1 h6 11. Bc2 b6 12. Ne3 Nf6 13. Nf5 0-0 14. Nxd6 Qxd6 15. Ne5 Ne7 16. Qf3 Ne8 17. Bf4 Qd8 18. Qg3 Kh8 19. Bxh6 gxh6 20. Qh4 Kg7 21. Re3 Rh8 22. Rg3+ Kf8 23. Rf3 1-0

[Event "Balatonbereny op"]
[Site "Balatonbereny"]
[Date "1997.??.??"]
[Round "9"]
[White "Schwarz, A."]
[Black "Szonyi, Kata"]
[Result "1/2-1/2"]
[WhiteElo "2230"]
[BlackElo "2085"]
[PlyCount "54"]
[EventDate "1997.??.??"]
[EventType "swiss"]
[EventRounds "9"]
[EventCountry "HUN"]
[SourceTitle "EXT 2001"]
[Source "ChessBase"]
[SourceDate "2000.11.22"]
[SourceVersion "1"]
[SourceVersionDate "2000.11.22"]
[SourceQuality "1"]

1. Nf3 Nf6 2. d4 d5 3. c4 dxc4 4. e3 e6 5. Bxc4 c5 6. Qe2 a6 7. dxc5 Bxc5 8. 0-0 b5 9. Bd3 Bb7 10. e4 Qc7 11. a4 b4 12. e5 Nfd7 13. Nbd2 Nc6 14. Nc4 h6 15. a5 Ne7 16. Be3 0-0 17. Rac1 Bxe3 18. Qxe3 Bc6 19. Nd4 Rad8 20. Nxc6 Qxc6 21. Nd6 Qd5 22. f4 Nf5 23. Bxf5 exf5 24. Nxf5 Kh7 25. Qg3 g6 26. Nd6 Qxa5 27. Kh1 Qb6 1/2-1/2

[Event "EU-ch U18 Girls"]
[Site "Tallinn"]
[Date "1997.??.??"]
[Round "6"]
[White "Stotskaja, Elena"]
[Black "Szonyi, Kata"]
[Result "1/2-1/2"]
[WhiteElo "2080"]
[BlackElo "2085"]
[PlyCount "66"]
[EventDate "1997.??.??"]
[EventType "swiss"]
[EventRounds "9"]
[EventCountry "EST"]
[SourceTitle "EXT 1998"]
[Source "ChessBase"]
[SourceDate "1997.11.17"]
[SourceVersion "1"]
[SourceVersionDate "1997.11.17"]
[SourceQuality "1"]

1. Nf3 Nf6 2. g3 d5 3. Bg2 e6 4. 0-0 Be7 5. d3 0-0 6. Nbd2 c5 7. e4 Nc6 8. e5 Nd7 9. Re1 Qc7 10. Qe2 b5 11. Nf1 a5 12. Bf4 Ba6 13. h4 b4 14. Ne3 Nd4 15. Nxd4 cxd4 16. Nxd5 exd5 17. e6 Bd6 18. Bxd6 Qxd6 19. exd7 Qxd7 20. Qe5 Rac8 21. Rac1 h6 22. Qxd4 Bb7 23. Re2 Rfd8 24. Rce1 Qa4 25. Re7 Ba8 26. Qf4 Rf8 27. Bh3 Rce8 28. Bd7 Rxe7 29. Bxa4 Rxe1+ 30. Kh2 d4 31. g4 Rh1+ 32. Kg3 Rg1+ 33. Kh2 Rh1+ 1/2-1/2

[Event "HUN-ch U18/20 Girls"]
[Site "Paks"]
[Date "1997.??.??"]
[Round "3"]
[White "Szonyi, Kata"]
[Black "Kaukal, Terezia"]
[Result "1-0"]
[WhiteElo "2085"]
[BlackElo "2065"]
[PlyCount "103"]
[EventDate "1997.??.??"]
[EventType "swiss"]
[EventRounds "7"]
[EventCountry "HUN"]
[SourceTitle "EXT 2004"]
[Source "ChessBase"]
[SourceDate "2003.11.25"]
[SourceVersion "1"]
[SourceVersionDate "2003.11.25"]
[SourceQuality "1"]

1. e4 e6 2. d4 d5 3. Nc3 Nf6 4. Bg5 Bb4 5. exd5 exd5 6. Qf3 Nbd7 7. Bd3 0-0 8. Nge2 Re8 9. 0-0 c6 10. a3 Bd6 11. Ng3 Qc7 12. Kh1 h6 13. Bd2 Nf8 14. Nf5 Bxf5 15. Qxf5 Qc8 16. Qxc8 Raxc8 17. f3 Rc7 18. Ne2 Ne6 19. c3 Rce7 20. Ng3 Nf4 21. Bc2 g6 22. Rfe1 Ne2 23. Nf1 Nf4 24. Rxe7 Rxe7 25. Re1 Rxe1 26. Bxe1 Nd7 27. g3 Ne6 28. Ne3 Kg7 29. Bd2 Ng5 30. Kg2 Nb6 31. Bb3 Nd7 32. Ng4 Be7 33. h4 h5 34. Ne3 Ne6 35. Bc2 Nb6 36. Kh3 Nc4 37. Nxc4 dxc4 38. Bd1 Nc7 39. Bf4 Nd5 40. Bb8 a6 41. Be2 b5 42. g4 g5 43. gxh5 Nf4+ 44. Bxf4 gxf4 45. Kg4 Kh6 46. Bd1 f5+ 47. Kxf4 Kxh5 48. Kxf5 Bxh4 49. f4+ Kh6 50. Bf3 Be1 51. Bxc6 Bd2 52. d5 1-0

[Event "HUN-ch (Women)"]
[Site "Hungary"]
[Date "1996.??.??"]
[Round "6"]
[White "Csatari, Mariann"]
[Black "Szonyi, Kata"]
[Result "1/2-1/2"]
[WhiteElo "2140"]
[BlackElo "2160"]
[PlyCount "44"]
[EventDate "1996.??.??"]
[EventType "tourn"]
[EventRounds "9"]
[EventCountry "HUN"]
[SourceTitle "EXT 2001"]
[Source "ChessBase"]
[SourceDate "2000.11.22"]
[SourceVersion "1"]
[SourceVersionDate "2000.11.22"]
[SourceQuality "1"]

1. d4 d5 2. c4 dxc4 3. Nc3 c5 4. d5 e6 5. e4 exd5 6. exd5 Nf6 7. Bxc4 a6 8. a4 Bd6 9. Qe2+ Be7 10. h3 0-0 11. Nf3 Bd6 12. 0-0 Bf5 13. Bd3 Re8 14. Qc2 Bxd3 15. Qxd3 h6 16. Be3 Nbd7 17. Rfd1 Ne5 18. Nxe5 Rxe5 19. a5 Qc7 20. Kf1 Rae8 21. Ra4 R5e7 22. Qf5 Re5 1/2-1/2

[Event "HUN-ch (Women)"]
[Site "Hungary"]
[Date "1996.??.??"]
[Round "8"]
[White "Grabics, Monika"]
[Black "Szonyi, Kata"]
[Result "1-0"]
[WhiteElo "2225"]
[BlackElo "2160"]
[PlyCount "79"]
[EventDate "1996.??.??"]
[EventType "tourn"]
[EventRounds "9"]
[EventCountry "HUN"]
[SourceTitle "EXT 2001"]
[Source "ChessBase"]
[SourceDate "2000.11.22"]
[SourceVersion "1"]
[SourceVersionDate "2000.11.22"]
[SourceQuality "1"]

1. e4 d5 2. exd5 Nf6 3. c4 c6 4. d4 cxd5 5. Nc3 Nc6 6. Bg5 Be6 7. Nf3 Ne4 8. cxd5 Bxd5 9. Nxe4 Bxe4 10. Bc4 Bd5 11. Qb3 Bxc4 12. Qxc4 h6 13. d5 hxg5 14. dxc6 Rc8 15. 0-0 Qc7 16. h3 Qxc6 17. Qg4 Qd7 18. Qxg5 g6 19. Ne5 Qf5 20. Rac1 Rd8 21. Qxf5 gxf5 22. Rc7 Bg7 23. Re1 Bxe5 24. Rxe5 Rd7 25. Rc8+ Rd8 26. Rxd8+ Kxd8 27. Rxf5 f6 28. Kh2 Kd7 29. g4 Rc8 30. Kg3 Rc2 31. Rb5 b6 32. h4 Ke6 33. h5 Kf7 34. f4 Rc1 35. Rb3 Rg1+ 36. Kh4 Rh1+ 37. Rh3 Rg1 38. g5 fxg5+ 39. fxg5 Kg7 40. Re3 1-0

[Event "Balatonbereny op"]
[Site "Balatonbereny"]
[Date "1996.??.??"]
[Round "4"]
[White "Jamrich, Gyorgy"]
[Black "Szonyi, Kata"]
[Result "1/2-1/2"]
[WhiteElo "2230"]
[BlackElo "2160"]
[PlyCount "70"]
[EventDate "1996.06.13"]
[EventType "swiss"]
[EventRounds "9"]
[EventCountry "HUN"]
[SourceTitle "CBM 053 Extra"]
[Source "ChessBase"]
[SourceDate "1996.09.01"]
[SourceVersion "1"]
[SourceVersionDate "1996.09.01"]
[SourceQuality "1"]

1. e4 d5 2. exd5 Nf6 3. d4 Nxd5 4. c4 Nb6 5. h3 e5 6. dxe5 Qxd1+ 7. Kxd1 Nc6 8. Bf4 Be6 9. b3 0-0-0+ 10. Kc2 Bf5+ 11. Kb2 Bc5 12. Nf3 Rd1 13. a4 Nd4 14. Nbd2 Rxa1 15. Kxa1 Rd8 16. g4 Nxf3 17. Nxf3 Rd1+ 18. Kb2 Be4 19. Bg2 Rxh1 20. Bxh1 Bxf2 21. Kc3 Nd7 22. b4 a5 23. bxa5 Nc5 24. Kd2 Nxa4 25. Be3 Bxe3+ 26. Kxe3 Nc5 27. Kd4 b6 28. axb6 cxb6 29. Bg2 Kd7 30. h4 Bc6 31. Ne1 Bxg2 32. Nxg2 Kc6 33. Ne1 Ne6+ 34. Kc3 Nf4 35. Kb4 h6 1/2-1/2

[Event "HUN-chT 9697"]
[Site "Hungary"]
[Date "1996.??.??"]
[Round "6"]
[White "Kiss, Fernanda"]
[Black "Szonyi, Kata"]
[Result "1/2-1/2"]
[WhiteElo "2160"]
[BlackElo "2160"]
[PlyCount "29"]
[EventDate "1996.??.??"]
[EventType "team-tourn"]
[EventRounds "12"]
[EventCountry "HUN"]
[SourceTitle "EXT 2006"]
[Source "ChessBase"]
[SourceDate "2005.11.24"]
[SourceVersion "1"]
[SourceVersionDate "2005.11.24"]
[SourceQuality "1"]
[WhiteTeam "Elektromos"]
[BlackTeam "Honved"]
[WhiteTeamCountry "HUN"]
[BlackTeamCountry "HUN"]

1. e4 d5 2. exd5 Nf6 3. d4 Nxd5 4. c4 Nb6 5. Nf3 g6 6. h3 Bg7 7. Nc3 0-0 8. Be3 Nc6 9. Qd2 e5 10. d5 Na5 11. b3 e4 12. Nd4 c6 13. dxc6 Nxc6 14. Nxc6 bxc6 15. Qxd8 1/2-1/2

[Event "Balatonbereny op"]
[Site "Balatonbereny"]
[Date "1996.??.??"]
[Round "2"]
[White "Schwarz, A."]
[Black "Szonyi, Kata"]
[Result "0-1"]
[WhiteElo "2230"]
[BlackElo "2160"]
[PlyCount "62"]
[EventDate "1996.06.13"]
[EventType "swiss"]
[EventRounds "9"]
[EventCountry "HUN"]
[SourceTitle "CBM 053 Extra"]
[Source "ChessBase"]
[SourceDate "1996.09.01"]
[SourceVersion "1"]
[SourceVersionDate "1996.09.01"]
[SourceQuality "1"]

1. d4 d5 2. c4 dxc4 3. Nf3 a6 4. e3 e6 5. Bxc4 b5 6. Bd3 Bb7 7. Qe2 Nf6 8. 0-0 Be7 9. Nc3 Nbd7 10. Rd1 c5 11. dxc5 Bxc5 12. h3 Qc7 13. e4 0-0 14. Bg5 h6 15. Bxf6 Nxf6 16. Rac1 Qe7 17. Kf1 Rac8 18. e5 Nd5 19. Be4 Nxc3 20. Rxc3 Bxe4 21. Qxe4 b4 22. Rcd3 Rfd8 23. Qc4 Rxd3 24. Qxd3 a5 25. Qb5 Qa7 26. Rd7 Rc7 27. Rd8+ Kh7 28. Qd3+ g6 29. h4 Bxf2 30. h5 Bg3 31. hxg6+ Kg7 0-1

[Event "Balatonbereny op"]
[Site "Balatonbereny"]
[Date "1996.??.??"]
[Round "1"]
[White "Szonyi, Kata"]
[Black "Almasi, Istvan"]
[Result "0-1"]
[WhiteElo "2160"]
[BlackElo "2405"]
[PlyCount "42"]
[EventDate "1996.06.13"]
[EventType "swiss"]
[EventRounds "9"]
[EventCountry "HUN"]
[SourceTitle "CBM 053 Extra"]
[Source "ChessBase"]
[SourceDate "1996.09.01"]
[SourceVersion "1"]
[SourceVersionDate "1996.09.01"]
[SourceQuality "1"]

1. e4 e6 2. d4 d5 3. Nc3 Bb4 4. e5 Ne7 5. Qg4 c5 6. Nf3 cxd4 7. Nxd4 0-0 8. Bd3 Ng6 9. Bxg6 fxg6 10. 0-0 Be7 11. Re1 Nc6 12. Nf3 Qb6 13. a3 Rf5 14. b4 Bd7 15. Be3 Qd8 16. Bf4 h5 17. Qg3 g5 18. Be3 g4 19. Nd4 Bh4 20. Nxf5 Bxg3 21. Nxg3 d4 0-1